| 000 | 00823 a2200217 4500 | ||
|---|---|---|---|
| 010 | _aENG-88514 | ||
| 020 |
_a8183870570 _c595.00 |
||
| 035 | _aEN-72047 | ||
| 037 | _bDBAD / PUB | ||
| 082 | 1 | 4 | _a305.56082 |
| 090 |
_c8747 _d8747 |
||
| 100 | _aSingh, S.K. | ||
| 245 | 1 |
_aEmpowerment of scheduled caste women: _cby S.K. Singh [and] S.P.Pandey _bthrough self-help groups (study funded by Planning Commission, Govt. of India)/ |
|
| 260 |
_aNew Delhi _bSerials Publications _c2007 |
||
| 270 |
_a4830/24, Prahlad Street, Ansari Road, Daryaganj, _bNew Delhi _e110 002 |
||
| 300 |
_ax, 221p. _c22cm (Hb ) |
||
| 500 | _aIncludes bibliographical references | ||
| 700 | _aPandey, S.P. | ||
| 942 |
_adpl _cEN _k305.56082 / SIN |
||
| 999 |
_c8590 _d8590 |
||